000 00670nam a22002177a 4500
001 82594
003 UA-OsUOA
005 20220512124348.0
007 ta
008 20120314b un ||||| |||| 00| 0 ukr d
040 _aUA-OsUOA
_bukr
_cUA-OsUOA
_dUA-OsUOA
041 _aukr
080 _a(038)91
090 _a(038)91
_bУ45
245 _aУкраїнсько-російський словник географічних назв Української РСР
_cзаг. ред. Цілуйка К. К.
260 _aК.
_bРадянська школа
_c1964
300 _a195 с.
650 7 _a0 Загальний відділ.
_2UDC
942 _cBK
_2udc
955 _a2
999 _c368903
_d368903